| 000 | 00776aam a2200289 4500 | ||
|---|---|---|---|
| 005 | 20230711102825.0 | ||
| 008 | 150703b2002 xxu||||| |||| 00| 0 spa d | ||
| 041 | _aESP | ||
| 082 | _a005.133 R696d | ||
| 100 |
_aRodríguez Gómez-Stern, Miguel _982516 |
||
| 100 |
_aBesteiro Gorostizaga, Marco Antonio _982517 |
||
| 245 | _aDesarrollo de aplicaciones.Net con Visual C# | ||
| 260 | _aEspaña | ||
| 260 | _bMcGraw-Hill | ||
| 260 | _c2002 | ||
| 300 | _a620 páginas | ||
| 650 |
_aLENGUAJES DE PROGRAMACIÓN _982518 |
||
| 650 |
_aC# _982519 |
||
| 650 |
_a.NET _982520 |
||
| 650 |
_aTIPOS _982521 |
||
| 650 |
_aCLASES _982522 |
||
| 650 |
_aINTERFACES _982523 |
||
| 650 |
_aARRAYS _982524 |
||
| 650 |
_aXML _982525 |
||
| 650 |
_aBASES DE DATOS _982526 |
||
| 942 | _cBK | ||
| 999 |
_c1613 _d1613 |
||